[Event "GRE-chT 52nd"]
[Site "Loutraki"]
[Date "2025.06.30"]
[Round "3.7"]
[White "Maniati, Konstantina"]
[Black "Chasouraki, Chrysi"]
[Result "1/2-1/2"]
[WhiteElo "1693"]
[BlackElo "1945"]
[PlyCount "82"]
[EventDate "2025.06.28"]
[EventType "team-swiss"]
[EventRounds "7"]
[EventCountry "GRE"]
[SourceTitle "CB28_2025"]
[SourceDate "2025.07.09"]
[SourceVersion "1"]
[SourceVersionDate "2025.07.09"]
[SourceQuality "1"]
[WhiteTeam "Trikalon Skaki"]
[BlackTeam "Irakleiou"]
[WhiteTeamCountry "GRE"]
[BlackTeamCountry "GRE"]

1. e4 c5 2. Nf3 e6 3. d4 cxd4 4. Nxd4 Nc6 5. Nc3 Qc7 6. Be2 a6 7. Nxc6 bxc6 8. Qd3 Nf6 9. Qg3 Qxg3 10. hxg3 d5 11. f3 dxe4 12. fxe4 e5 13. Bg5 Be7 14. 0-0-0 Ng4 15. Bxe7 Kxe7 16. Bxg4 Bxg4 17. Rd3 h5 18. Nd1 g6 19. Ne3 Be6 20. Rc3 Rhc8 21. Nc4 Bxc4 22. Rxc4 Kf6 23. Rf1+ Ke6 24. Kd2 Rab8 25. b3 Rd8+ 26. Ke2 Rd6 27. Rc3 Rb4 28. Ke3 Rbd4 29. Rd3 f6 30. Rfd1 c5 31. c3 Rxd3+ 32. Rxd3 Rxd3+ 33. Kxd3 f5 34. Ke3 Kd6 35. a4 Kc6 36. b4 Kb6 37. Kf3 Kc6 38. Ke3 Kb6 39. Kf3 Kc6 40. Ke3 Kb6 41. Kf3 Kc6 1/2-1/2

[Event "GRE-chT 52nd"]
[Site "Loutraki"]
[Date "2025.06.28"]
[Round "1.7"]
[White "Latifi, Dionysia"]
[Black "Chasouraki, Chrysi"]
[Result "0-1"]
[WhiteElo "1478"]
[BlackElo "1945"]
[PlyCount "82"]
[EventDate "2025.06.28"]
[EventType "team-swiss"]
[EventRounds "7"]
[EventCountry "GRE"]
[SourceTitle "CB28_2025"]
[SourceDate "2025.07.09"]
[SourceVersion "1"]
[SourceVersionDate "2025.07.09"]
[SourceQuality "1"]
[WhiteTeam "Peristeriou PS"]
[BlackTeam "Irakleiou"]
[WhiteTeamCountry "GRE"]
[BlackTeamCountry "GRE"]

1. e4 c5 2. Nf3 e6 3. d4 cxd4 4. Qxd4 Nc6 5. Qe3 d6 6. Bb5 Nge7 7. Nc3 a6 8. Bd3 b5 9. 0-0 g6 10. Qe2 Bg7 11. Bf4 b4 12. Nd1 Bb7 13. a3 0-0 14. axb4 Nxb4 15. Bc4 a5 16. c3 Na6 17. b4 d5 18. exd5 exd5 19. Bd3 Nxb4 20. Bb5 Nbc6 21. Ne5 Nxe5 22. Bxe5 f6 23. Bf4 Kh8 24. c4 dxc4 25. Qxc4 Rc8 26. Qe6 Bd5 27. Qd6 Ra8 28. Qxd8 Rfxd8 29. Bc7 Rdc8 30. Bd6 Nf5 31. Bf4 Nd4 32. Bd3 f5 33. Ra3 a4 34. Ne3 Bb3 35. h3 Rc3 36. Rd1 Bxd1 37. Rxc3 Be2 38. Kh1 Bxd3 39. Rxd3 a3 40. Rd1 a2 41. Nc2 Nxc2 0-1

[Event "EU-ch (Women) 25th"]
[Site "Rhodes"]
[Date "2025.04.08"]
[Round "8"]
[White "Chasouraki, Chrysi"]
[Black "Bochnickova, Andrea"]
[Result "0-1"]
[WhiteElo "1896"]
[BlackElo "2073"]
[PlyCount "104"]
[EventDate "2025.03.31"]
[EventType "swiss"]
[EventRounds "11"]
[EventCountry "GRE"]
[SourceTitle "CB16_2025"]
[SourceDate "2025.04.16"]
[SourceVersion "1"]
[SourceVersionDate "2025.04.16"]
[SourceQuality "1"]

1. e4 c5 2. Nf3 Nc6 3. Bb5 e6 4. 0-0 Nge7 5. d4 cxd4 6. Nxd4 Qb6 7. Nxc6 Qxb5 8. Nd4 Qb6 9. c4 Ng6 10. Nc3 Be7 11. b3 0-0 12. Be3 Qc7 13. f4 d6 14. Qh5 Bf6 15. Rad1 a6 16. Nce2 Bd7 17. Rf3 Rfe8 18. Rh3 Nf8 19. Nf3 g6 20. Qg4 Bg7 21. Qh4 e5 22. Rg3 exf4 23. Qxf4 Bc6 24. Qxd6 Qa5 25. Qd2 Qxd2 26. Rxd2 Bxe4 27. Bb6 Bh6 28. Rb2 Re6 29. Ba5 Be3+ 30. Kh1 Bf2 31. Nfd4 Re5 32. Rg4 f5 33. Bc7 Re7 34. Bd6 Rd7 35. Rxe4 fxe4 36. c5 Re8 37. g3 Ne6 38. Nxe6 Rxe6 39. Nf4 Bd4 40. Rd2 Be3 41. Re2 Bxf4 42. gxf4 Kf7 43. Rd2 e3 44. Re2 b6 45. b4 Re4 46. a3 Ke6 47. Be5 bxc5 48. bxc5 Rd2 49. Re1 Rc4 50. Bd6 Kd5 51. Bf8 Ke4 52. Bh6 Rcc2 0-1

[Event "EU-ch (Women) 25th"]
[Site "Rhodes"]
[Date "2025.04.03"]
[Round "4"]
[White "Chasouraki, Chrysi"]
[Black "Heinatz, Gundula"]
[Result "1/2-1/2"]
[WhiteElo "1896"]
[BlackElo "2098"]
[PlyCount "82"]
[EventDate "2025.03.31"]
[EventType "swiss"]
[EventRounds "11"]
[EventCountry "GRE"]
[SourceTitle "CB16_2025"]
[SourceDate "2025.04.16"]
[SourceVersion "1"]
[SourceVersionDate "2025.04.16"]
[SourceQuality "1"]

1. e4 c6 2. d4 d5 3. exd5 cxd5 4. Bd3 Nc6 5. c3 Qc7 6. h3 Nf6 7. Nf3 g6 8. 0-0 Bg7 9. Re1 0-0 10. Nbd2 Nh5 11. Nb3 a6 12. Be3 f5 13. c4 e6 14. Rc1 Nf6 15. Ne5 Qd6 16. Bf4 Nh5 17. Bh2 f4 18. c5 Qd8 19. Nxc6 bxc6 20. Be2 Qg5 21. Bg4 Nf6 22. Bxe6+ Bxe6 23. Rxe6 Ne4 24. f3 Ng3 25. Bxg3 fxg3 26. Rc3 Rae8 27. Qe2 Rxe6 28. Qxe6+ Kh8 29. Qg4 Bh6 30. Qxg5 Bxg5 31. Rd3 Rb8 32. Kf1 Rb5 33. a4 Rb4 34. a5 Rb8 35. Ke2 Kg7 36. Kd1 h5 37. Kc2 Re8 38. Nc1 h4 39. Kd1 Bd8 40. b4 Bg5 41. Ne2 Rb8 1/2-1/2

[Event "Thessaloniki Vardaris op 8th"]
[Site "Thessaloniki"]
[Date "2025.03.02"]
[Round "5"]
[White "Kesidis, Odyseas"]
[Black "Chasouraki, Chrysi"]
[Result "1-0"]
[WhiteElo "2220"]
[BlackElo "1843"]
[PlyCount "63"]
[EventDate "2025.02.27"]
[EventType "swiss"]
[EventRounds "7"]
[EventCountry "GRE"]
[SourceTitle "CB10_2025"]
[SourceDate "2025.03.05"]
[SourceVersion "1"]
[SourceVersionDate "2025.03.05"]
[SourceQuality "1"]

1. e4 c5 2. Nf3 Nc6 3. Bb5 Nf6 4. Nc3 Qc7 5. 0-0 a6 6. Be2 e6 7. Re1 Bd6 8. Bf1 0-0 9. d3 h6 10. Ne2 b5 11. Ng3 Bb7 12. c3 Rac8 13. d4 cxd4 14. cxd4 Bxg3 15. hxg3 Nb4 16. Bd2 Nc2 17. Rc1 Nxe1 18. Rxc7 Nxf3+ 19. gxf3 Rxc7 20. Bd3 d5 21. e5 Nd7 22. Qe2 Nb6 23. b3 Ra8 24. f4 Bc8 25. g4 a5 26. f5 a4 27. f6 axb3 28. axb3 Ra2 29. fxg7 Nc4 30. bxc4 bxc4 31. Qe3 Ra1+ 32. Kh2 1-0

[Event "Thessaloniki Vardaris op 8th"]
[Site "Thessaloniki"]
[Date "2025.02.28"]
[Round "2"]
[White "Chasouraki, Chrysi"]
[Black "Samaridis, Konstantinos"]
[Result "1-0"]
[WhiteElo "1843"]
[BlackElo "2087"]
[PlyCount "105"]
[EventDate "2025.02.27"]
[EventType "swiss"]
[EventRounds "7"]
[EventCountry "GRE"]
[SourceTitle "CB10_2025"]
[SourceDate "2025.03.05"]
[SourceVersion "1"]
[SourceVersionDate "2025.03.05"]
[SourceQuality "1"]

1. e4 c6 2. d4 d5 3. exd5 cxd5 4. Bd3 Nc6 5. c3 e6 6. Bf4 Bd6 7. Bxd6 Qxd6 8. Qg4 Kf8 9. Qe2 g6 10. Nf3 Kg7 11. Nbd2 Nh6 12. 0-0 f6 13. Rfe1 Re8 14. Bb5 Bd7 15. Nb3 b6 16. a4 a5 17. Nc1 e5 18. Bxc6 exd4 19. Bxa8 Rxe2 20. Rxe2 Bg4 21. Nd3 Bxf3 22. gxf3 Nf5 23. f4 Nh4 24. cxd4 Qd7 25. Re3 Nf5 26. Rh3 Nxd4 27. Kg2 Nf5 28. Rc1 h5 29. Bc6 Qe6 30. Bb5 Qe4+ 31. Kg1 Qe2 32. Ne5 Qd2 33. Rc7+ Kg8 34. Rc8+ Kh7 35. Rc7+ Kg8 36. Nd7 d4 37. Nxf6+ Kf8 38. Nh7+ Kg8 39. Bc4+ Kh8 40. Ng5 Qe1+ 41. Kg2 Ne7 42. f5 Kg7 43. Ne6+ Kf6 44. Nxd4 Qe5 45. Rd7 Qe4+ 46. Rf3 Nxf5 47. Nxf5 gxf5 48. Rf7+ Kg6 49. Bd3 Qd4 50. R7xf5 Kh6 51. Rg3 h4 52. Rg6+ Kxg6 53. Rd5+ 1-0

[Event "GRE-chT 51st"]
[Site "Trikala"]
[Date "2024.07.05"]
[Round "2.7"]
[White "Chasouraki, Chrysi"]
[Black "Xynidi, Areti"]
[Result "1-0"]
[WhiteElo "1839"]
[BlackElo "1630"]
[PlyCount "31"]
[EventDate "2024.07.04"]
[EventType "team-swiss"]
[EventRounds "7"]
[EventCountry "GRE"]
[SourceTitle "CBM 221 Extra"]
[Source "ChessBase"]
[SourceDate "2024.09.30"]
[SourceVersion "1"]
[SourceVersionDate "2024.09.30"]
[SourceQuality "1"]
[WhiteTeam "Irakleiou"]
[BlackTeam "Chalandriou"]
[WhiteTeamCountry "GRE"]
[BlackTeamCountry "GRE"]

1. e4 e6 2. d4 d5 3. Nc3 Nf6 4. Bg5 Be7 5. e5 Nfd7 6. Bxe7 Qxe7 7. f4 a6 8. Qg4 0-0 9. Nf3 c5 10. dxc5 Qxc5 11. 0-0-0 Nc6 12. Bd3 Rd8 13. Bxh7+ Kf8 14. Ng5 Nb6 15. Qh5 Qe7 16. Bg6 1-0

[Event "GRE-ch U16 Girls"]
[Site "Peristeri"]
[Date "2024.06.27"]
[Round "8"]
[White "Chasouraki, Chrysi"]
[Black "Skaraki, Georgia"]
[Result "1-0"]
[WhiteElo "1836"]
[BlackElo "1618"]
[PlyCount "81"]
[EventDate "2024.06.22"]
[EventType "swiss"]
[EventRounds "9"]
[EventCountry "GRE"]
[SourceTitle "EXT 2025"]
[Source "ChessBase"]
[SourceDate "2024.10.14"]
[SourceVersion "1"]
[SourceVersionDate "2024.10.14"]
[SourceQuality "1"]

1. e4 c5 2. Nf3 d6 3. c3 Nf6 4. Bd3 e6 5. Bc2 Nc6 6. 0-0 g6 7. Re1 Bg7 8. d3 0-0 9. h3 b6 10. Be3 Bb7 11. Nbd2 Nd7 12. Nf1 Nde5 13. Nxe5 Nxe5 14. f4 Nc6 15. Ng3 d5 16. exd5 Qxd5 17. Bb3 Qd7 18. Qd2 Rad8 19. Rad1 Ba6 20. Bc2 Rfe8 21. Qf2 Qc7 22. Ne4 Ne7 23. d4 c4 24. Ng5 Nd5 25. Qh4 h6 26. Nf3 Nxe3 27. Rxe3 Bb7 28. Ne5 b5 29. a3 Qe7 30. Qg4 h5 31. Qg3 Bxe5 32. fxe5 Kg7 33. Rf1 Rh8 34. Rf6 Rh6 35. Qg5 Re8 36. Rg3 a5 37. Bxg6 fxg6 38. Rxg6+ Rxg6 39. Qxg6+ Kh8 40. Qh6+ Qh7 41. Qf6+ 1-0

[Event "GRE-ch U16 Girls"]
[Site "Peristeri"]
[Date "2024.06.26"]
[Round "7"]
[White "Giakoustidou, Evgenia"]
[Black "Chasouraki, Chrysi"]
[Result "0-1"]
[WhiteElo "1616"]
[BlackElo "1836"]
[PlyCount "114"]
[EventDate "2024.06.22"]
[EventType "swiss"]
[EventRounds "9"]
[EventCountry "GRE"]
[SourceTitle "EXT 2025"]
[Source "ChessBase"]
[SourceDate "2024.10.14"]
[SourceVersion "1"]
[SourceVersionDate "2024.10.14"]
[SourceQuality "1"]

1. e4 c5 2. Nf3 Nc6 3. d4 cxd4 4. Nxd4 e5 5. Nb5 d6 6. N1c3 a6 7. Na3 Be7 8. Nc4 b5 9. Ne3 Nf6 10. Bd3 0-0 11. a3 Be6 12. 0-0 Kh8 13. Re1 Rc8 14. a4 b4 15. Ncd5 Bxd5 16. exd5 Nb8 17. Qf3 g6 18. g4 a5 19. Kh1 Nbd7 20. Nc4 e4 21. Rxe4 Nxe4 22. Qxe4 Nc5 23. Qf3 Nxd3 24. Qxd3 Qc7 25. b3 Bf6 26. Rb1 Rfe8 27. Be3 Rb8 28. Rd1 Kg8 29. h3 Be5 30. Qe4 Re7 31. Qf3 Rc8 32. Bg5 Ree8 33. Be3 Qe7 34. Rd2 Rxc4 35. bxc4 Rc8 36. Qe4 Qh4 37. Kg2 f5 38. Qf3 fxg4 39. Qxg4 Qxg4+ 40. hxg4 Rxc4 41. f3 Rc3 42. Bb6 Ra3 43. Bxa5 Rxa4 44. Bb6 Ra2 45. Be3 Bc3 46. Rf2 Ra5 47. Bd2 Rxd5 48. Bxc3 bxc3 49. Kf1 Rd1+ 50. Kg2 Rd2 51. g5 Kf7 52. Kg3 Rxf2 53. Kxf2 Ke6 54. f4 Kf5 55. Kf3 d5 56. Ke3 Kg4 57. Kd4 Kxf4 0-1

[Event "GRE-ch U16 Girls"]
[Site "Peristeri"]
[Date "2024.06.25"]
[Round "6"]
[White "Chasouraki, Chrysi"]
[Black "Alexopoulou, Eleni NA"]
[Result "1-0"]
[WhiteElo "1836"]
[BlackElo "1608"]
[PlyCount "83"]
[EventDate "2024.06.22"]
[EventType "swiss"]
[EventRounds "9"]
[EventCountry "GRE"]
[SourceTitle "EXT 2025"]
[Source "ChessBase"]
[SourceDate "2024.10.14"]
[SourceVersion "1"]
[SourceVersionDate "2024.10.14"]
[SourceQuality "1"]

1. e4 c5 2. Nf3 d6 3. d4 cxd4 4. Nxd4 Nf6 5. Nc3 a6 6. h4 e5 7. Nb3 Be7 8. Be2 Qc7 9. f4 exf4 10. Bxf4 Nc6 11. Qd2 0-0 12. 0-0-0 b5 13. Bxd6 Bxd6 14. Qxd6 Qxd6 15. Rxd6 Ne5 16. Nc5 Re8 17. Rhd1 Kf8 18. a3 Ke7 19. Nxb5 axb5 20. Bxb5 Bg4 21. Bxe8 Bxd1 22. Rxd1 Nxe8 23. a4 Nd6 24. b4 Ndc4 25. Kb1 Nb6 26. a5 Nbc4 27. a6 Nc6 28. Rd7+ Ke8 29. Rb7 Nd8 30. Rc7 Na3+ 31. Kb2 Nb5 32. Rd7 Ne6 33. Rb7 Nd6 34. Nxe6 Rxa6 35. Nc7+ Kd7 36. Nxa6+ Nxb7 37. Nc5+ Nxc5 38. bxc5 Kc6 39. Kc3 Kxc5 40. g4 f6 41. Kd3 h6 42. h5 1-0

[Event "EU-ch (Women) 24th"]
[Site "Rhodes"]
[Date "2024.04.29"]
[Round "10"]
[White "Lomaia, Diana"]
[Black "Chasouraki, Chrysi"]
[Result "1-0"]
[WhiteElo "2005"]
[BlackElo "1827"]
[PlyCount "99"]
[EventDate "2024.04.19"]
[EventType "swiss"]
[EventRounds "10"]
[EventCountry "GRE"]
[SourceTitle "CBM 219 Extra"]
[Source "ChessBase"]
[SourceDate "2024.05.31"]
[SourceVersion "1"]
[SourceVersionDate "2024.05.31"]
[SourceQuality "1"]

1. d4 d5 2. c4 e6 3. Nc3 Nf6 4. cxd5 exd5 5. Bg5 c6 6. e3 h6 7. Bh4 Be7 8. Bd3 0-0 9. Qc2 Re8 10. Nge2 Nbd7 11. 0-0 a5 12. f3 b5 13. Bf2 Ba6 14. e4 b4 15. Na4 dxe4 16. Bxe4 Bb5 17. Rfd1 Rc8 18. Ng3 Bf8 19. Rac1 g6 20. Nc5 Nxe4 21. Ngxe4 Nb6 22. Nb7 Qc7 23. Nf6+ Kg7 24. Nxe8+ Rxe8 25. Nc5 Bd6 26. g3 h5 27. Re1 Rd8 28. Ne4 Nd5 29. Qd2 h4 30. Nxd6 Qxd6 31. Qg5 h3 32. Re4 f6 33. Qd2 Rh8 34. Rce1 Kf7 35. g4 Qd7 36. Bg3 Ba6 37. Re6 Qxe6 38. Rxe6 Kxe6 39. Qc2 Ne7 40. Qc5 Bb5 41. Qd6+ Kf7 42. g5 fxg5 43. Be5 Rf8 44. Kf2 Nd5 45. Qd7+ Ne7 46. d5 cxd5 47. Qxb5 Ke6 48. Qe2 Kd7 49. Kg3 Nc6 50. Qd3 1-0

[Event "Wch U14 Girls"]
[Site "Montesilvano"]
[Date "2023.11.23"]
[Round "10"]
[White "Qi, Jenny"]
[Black "Chasouraki, Chrysi"]
[Result "1/2-1/2"]
[WhiteElo "1737"]
[BlackElo "1559"]
[PlyCount "110"]
[EventDate "2023.11.13"]
[EventType "swiss"]
[EventRounds "11"]
[EventCountry "ITA"]
[SourceTitle "CBM 217 Extra"]
[Source "ChessBase"]
[SourceDate "2024.01.31"]
[SourceVersion "1"]
[SourceVersionDate "2024.01.31"]
[SourceQuality "1"]

1. e4 c5 2. Nf3 e6 3. d4 cxd4 4. Nxd4 Nf6 5. Nc3 Nc6 6. Ndb5 Bb4 7. a3 Bxc3+ 8. Nxc3 d5 9. exd5 exd5 10. Bd3 0-0 11. 0-0 d4 12. Ne4 Bf5 13. Bg5 Bxe4 14. Bxe4 h6 15. Bxc6 bxc6 16. Bh4 Qd6 17. Qf3 Nd7 18. Rfe1 Ne5 19. Qe4 Rae8 20. Bg3 f6 21. Rad1 c5 22. Qf5 Qb6 23. f4 Nf7 24. b3 Qc6 25. Bf2 Nd6 26. Qd3 Ne4 27. Qc4+ Qe6 28. Qxe6+ Rxe6 29. b4 Nxf2 30. Kxf2 Rxe1 31. Kxe1 cxb4 32. axb4 Rc8 33. Rxd4 Rxc2 34. Kf1 Rb2 35. h3 h5 36. f5 Kh7 37. Rh4 g6 38. g4 g5 39. Rxh5+ Kg7 40. h4 gxh4 41. Rxh4 Rxb4 42. Ke2 a5 43. Kd3 a4 44. Kc3 Rb1 45. Kc2 Rb3 46. g5 fxg5 47. Rxa4 Rf3 48. Ra6 Rxf5 49. Kd3 Re5 50. Rb6 Kh7 51. Ra6 g4 52. Ra4 Rg5 53. Ke3 g3 54. Ra1 Kg6 55. Kf3 g2 1/2-1/2

[Event "Wch U14 Girls"]
[Site "Montesilvano"]
[Date "2023.11.17"]
[Round "5"]
[White "Chasouraki, Chrysi"]
[Black "Negre, Emilie"]
[Result "0-1"]
[WhiteElo "1559"]
[BlackElo "1871"]
[PlyCount "98"]
[EventDate "2023.11.13"]
[EventType "swiss"]
[EventRounds "11"]
[EventCountry "ITA"]
[SourceTitle "CBM 217 Extra"]
[Source "ChessBase"]
[SourceDate "2024.01.31"]
[SourceVersion "1"]
[SourceVersionDate "2024.01.31"]
[SourceQuality "1"]

1. e4 e5 2. Nf3 Nc6 3. Bb5 a6 4. Ba4 Nf6 5. d3 b5 6. Bb3 Bc5 7. Bg5 h6 8. Bh4 d6 9. c3 Bb6 10. a4 Rb8 11. axb5 axb5 12. Na3 g5 13. Bg3 Ne7 14. Nxb5 Ng6 15. Ba4 0-0 16. h4 g4 17. Nh2 d5 18. h5 Nf4 19. Bxf4 exf4 20. e5 Qe7 21. d4 g3 22. fxg3 fxg3 23. Nf3 Ne4 24. Rh4 c6 25. Na3 Ba5 26. Qc1 Rxb2 27. Rxe4 dxe4 28. Qxb2 exf3 29. gxf3 Qh4 30. 0-0-0 Qxh5 31. Bxc6 Qg5+ 32. Qd2 Qxd2+ 33. Kxd2 h5 34. Nc4 Bd8 35. f4 h4 36. Bf3 h3 37. Rg1 Bh4 38. Ne3 Kg7 39. Nf1 g2 40. Ke3 Rg8 41. c4 Kf8 42. d5 Ba6 43. Nd2 Rg3 44. Nf1 gxf1Q 45. Rxf1 Bxc4 46. Rd1 h2 47. Kd4 Rxf3 48. Kxc4 Rxf4+ 49. Kc5 Bf2+ 0-1

[Event "GRE-chT 50th"]
[Site "Nikaia"]
[Date "2023.08.27"]
[Round "4.7"]
[White "Christodoulou, Georgia"]
[Black "Chasouraki, Chrysi"]
[Result "1-0"]
[WhiteElo "1505"]
[BlackElo "1515"]
[PlyCount "115"]
[EventDate "2023.08.25"]
[EventType "team"]
[EventRounds "9"]
[EventCountry "GRE"]
[SourceTitle "CBM 216 Extra"]
[Source "ChessBase"]
[SourceDate "2023.11.30"]
[SourceVersion "1"]
[SourceVersionDate "2023.11.30"]
[SourceQuality "1"]
[WhiteTeam "Patron"]
[BlackTeam "Irakliou"]
[WhiteTeamCountry "GRE"]
[BlackTeamCountry "GRE"]

1. Nf3 d5 2. g3 Nf6 3. Bg2 e6 4. 0-0 Bd6 5. d4 b6 6. c4 Bb7 7. cxd5 exd5 8. Nc3 h6 9. Ne5 Nbd7 10. Nxd7 Qxd7 11. Qb3 c6 12. a4 0-0 13. Bd2 Rfe8 14. e3 h5 15. a5 Ba6 16. Rfc1 h4 17. axb6 Bc4 18. Qc2 axb6 19. b3 Bb5 20. Rxa8 Rxa8 21. Nxb5 cxb5 22. Qc6 Qxc6 23. Rxc6 Ra1+ 24. Rc1 Ra2 25. Be1 Rb2 26. b4 Bxb4 27. Bxb4 Rxb4 28. gxh4 Rb2 29. Bf3 b4 30. Rc6 Kf8 31. Rxb6 Rb1+ 32. Kg2 Rb2 33. Rb5 Ne4 34. Bxe4 dxe4 35. Re5 b3 36. Rb5 g6 37. h5 gxh5 38. Rxh5 Rc2 39. Rb5 b2 40. Kg3 Kg7 41. h4 f5 42. Rb6 Rd2 43. h5 Rc2 44. d5 Rd2 45. d6 Kf7 46. d7 Ke7 47. h6 Kf7 48. Rxb2 Rxd7 49. Kf4 Rd5 50. Kg5 Ra5 51. Rb7+ Kg8 52. h7+ Kh8 53. Rf7 Ra4 54. Kg6 Ra6+ 55. Rf6 Rxf6+ 56. Kxf6 f4 57. exf4 Kxh7 58. f5 1-0

[Event "GRE-ch U14 Girls"]
[Site "Peristeri"]
[Date "2023.07.06"]
[Round "5"]
[White "Chasouraki, Chrysi"]
[Black "Platsaki, Evgenia Valeria"]
[Result "1-0"]
[WhiteElo "1497"]
[BlackElo "1515"]
[PlyCount "129"]
[EventDate "2023.07.03"]
[EventType "swiss"]
[EventRounds "9"]
[EventCountry "GRE"]
[SourceTitle "EXT 2024"]
[Source "ChessBase"]
[SourceDate "2023.10.10"]
[SourceVersion "1"]
[SourceVersionDate "2023.10.10"]
[SourceQuality "1"]

1. e4 c5 2. Nf3 Nc6 3. d4 cxd4 4. Nxd4 g6 5. c4 Nf6 6. Nc3 Nxd4 7. Qxd4 d6 8. Be2 Bg7 9. 0-0 0-0 10. Qe3 Be6 11. Bd2 Nd7 12. Rac1 Ne5 13. b3 Nc6 14. Kh1 Rc8 15. f4 f5 16. Bf3 Qd7 17. Rfe1 fxe4 18. Bxe4 Nd4 19. Nd5 Rce8 20. Bc3 Bxd5 21. cxd5 Nf5 22. Qxa7 Bxc3 23. Rxc3 Qb5 24. Rc4 Ng7 25. Bf3 Ra8 26. Qf2 Rf7 27. Qe2 Raf8 28. Qd2 Qd7 29. Qc1 Nf5 30. Ree4 Ra8 31. a4 b5 32. Rc7 Qe8 33. Qc6 bxa4 34. Qxe8+ Rxe8 35. Rxa4 Rb8 36. Rc3 Rb5 37. g4 Nh4 38. Rd4 Ra5 39. Kg1 Nxf3+ 40. Rxf3 Ra2 41. Rf2 Ra1+ 42. Kg2 Rb1 43. Rb4 Rf8 44. Rb7 Rd1 45. Rb5 Rd4 46. Kg3 Rc8 47. b4 Rcc4 48. Rb8+ Kf7 49. b5 Rb4 50. Rb7 Ke8 51. Re2 Re4 52. Rxe4 Rxe4 53. b6 Rb4 54. Rb8+ Kd7 55. b7 Rb2 56. h3 Rb5 57. Kh4 h6 58. f5 gxf5 59. gxf5 Rb3 60. Kg4 Rb4+ 61. Kh5 Rb3 62. h4 Rb4 63. Kg6 Rg4+ 64. Kh7 Kc7 65. Rg8 1-0

[Event "GRE-ch U14 Girls"]
[Site "Peristeri"]
[Date "2023.07.06"]
[Round "6"]
[White "Seretaki, Myrto"]
[Black "Chasouraki, Chrysi"]
[Result "1/2-1/2"]
[WhiteElo "1314"]
[BlackElo "1497"]
[PlyCount "109"]
[EventDate "2023.07.03"]
[EventType "swiss"]
[EventRounds "9"]
[EventCountry "GRE"]
[SourceTitle "EXT 2024"]
[Source "ChessBase"]
[SourceDate "2023.10.10"]
[SourceVersion "1"]
[SourceVersionDate "2023.10.10"]
[SourceQuality "1"]

1. e4 c5 2. Nf3 e6 3. d4 cxd4 4. Nxd4 Nc6 5. Nc3 Qc7 6. a3 a6 7. Be3 b5 8. Nxc6 Qxc6 9. Bd3 Bb7 10. 0-0 Nf6 11. Qe2 Rc8 12. Rad1 h5 13. h3 b4 14. axb4 Bxb4 15. Bd2 Bxc3 16. Bxc3 Nxe4 17. Bxe4 Qxe4 18. Qxe4 Bxe4 19. Rd6 Bc6 20. Ra1 Ra8 21. f3 f6 22. h4 Kf7 23. Kf2 Rhb8 24. Rdd1 Rb5 25. b4 e5 26. Rd6 Rd5 27. Rxd5 Bxd5 28. Bd2 Bc4 29. Be3 Ke6 30. c3 Rc8 31. Rd1 d6 32. Rc1 Bb5 33. Ke1 Rc4 34. g3 d5 35. Kd2 d4 36. Bf2 dxc3+ 37. Rxc3 Rxb4 38. Bc5 Rc4 39. Rxc4 Bxc4 40. Ke3 Kf5 41. Bf8 g6 42. Be7 g5 43. hxg5 fxg5 44. Bd8 Bd5 45. Be7 a5 46. Bd6 a4 47. g4+ hxg4 48. fxg4+ Kxg4 49. Bxe5 Kh3 50. Kd2 a3 51. Kc2 g4 52. Kb1 Kg2 53. Ka1 Kf2 54. Bd6 a2 55. Be5 1/2-1/2

[Event "GRE-ch U18 Girls"]
[Site "Larisa"]
[Date "2023.01.07"]
[Round "8"]
[White "Chasouraki, Chrysi"]
[Black "Christodoulou, Georgia"]
[Result "1/2-1/2"]
[WhiteElo "1487"]
[BlackElo "1604"]
[PlyCount "66"]
[EventDate "2023.01.02"]
[EventType "swiss"]
[EventRounds "9"]
[EventCountry "GRE"]
[SourceTitle "CBM 212 Extra"]
[Source "ChessBase"]
[SourceDate "2023.03.31"]
[SourceVersion "1"]
[SourceVersionDate "2023.03.31"]
[SourceQuality "1"]

1. e4 c5 2. Nf3 Nc6 3. d4 cxd4 4. Nxd4 Nf6 5. Nc3 e5 6. Ndb5 d6 7. Bg5 a6 8. Na3 b5 9. Nd5 Be7 10. Bxf6 Bxf6 11. c4 b4 12. Nc2 Bg5 13. Ndxb4 Nxb4 14. Nxb4 0-0 15. Be2 Qb6 16. Nd5 Qxb2 17. 0-0 f5 18. Bf3 Qa3 19. Ne7+ Kh8 20. exf5 Rb8 21. Nxc8 Rfxc8 22. Bd5 Rb2 23. Qg4 Bf6 24. Qg3 Qa4 25. h4 Rxa2 26. Rab1 Ra3 27. Qg4 Rb3 28. Ra1 Ra3 29. Rab1 Rb3 30. Ra1 Ra3 31. Rab1 Rb3 32. Ra1 Ra3 33. Rab1 Rb3 1/2-1/2

[Event "GRE-ch U14 Girls"]
[Site "Thessaloniki"]
[Date "2022.08.18"]
[Round "1"]
[White "Chasouraki, Chrysi"]
[Black "Seretaki, Myrto"]
[Result "1-0"]
[WhiteElo "1425"]
[BlackElo "1111"]
[PlyCount "45"]
[EventDate "2022.08.18"]
[EventType "swiss"]
[EventRounds "7"]
[EventCountry "GRE"]
[SourceTitle "EXT 2024"]
[Source "ChessBase"]
[SourceDate "2023.10.10"]
[SourceVersion "1"]
[SourceVersionDate "2023.10.10"]
[SourceQuality "1"]

1. e4 c5 2. Nf3 e6 3. d4 cxd4 4. Nxd4 Nf6 5. Nc3 d6 6. Be2 Be7 7. Be3 Nc6 8. g4 a6 9. g5 Nd7 10. h4 Qc7 11. Qd2 b5 12. a3 Nce5 13. Rg1 Nc4 14. Qc1 Rb8 15. h5 g6 16. Rh1 0-0 17. hxg6 hxg6 18. Bxc4 Qxc4 19. Qd2 Bb7 20. f3 Rfc8 21. Qh2 f6 22. Qh8+ Kf7 23. Rh7# 1-0

[Event "GRE-ch Schools Gym-A"]
[Site "Athens"]
[Date "2022.06.13"]
[Round "7"]
[White "Chasouraki, Chrysi"]
[Black "Mavridis, Emmanouil"]
[Result "1-0"]
[WhiteElo "1425"]
[BlackElo "1424"]
[PlyCount "79"]
[EventDate "2022.06.12"]
[EventType "swiss"]
[EventRounds "9"]
[EventCountry "GRE"]
[SourceTitle "EXT 2023"]
[Source "ChessBase"]
[SourceDate "2022.10.05"]
[SourceVersion "1"]
[SourceVersionDate "2022.10.05"]
[SourceQuality "1"]

1. e4 e5 2. Nf3 Nc6 3. Bb5 a6 4. Ba4 Nf6 5. d3 b5 6. Bb3 Bc5 7. c3 d6 8. Nbd2 Ba7 9. a4 0-0 10. 0-0 Be6 11. Bc2 h6 12. Re1 Ne7 13. Nf1 Ng6 14. d4 c6 15. Bb3 Qe7 16. Bxe6 Qxe6 17. Ng3 Rfe8 18. Qc2 d5 19. exd5 Qxd5 20. dxe5 Nxe5 21. Nxe5 Rxe5 22. Bf4 Rxe1+ 23. Rxe1 Rd8 24. Nf5 Qc4 25. Bg3 bxa4 26. Ne7+ Kf8 27. Bc7 Rd7 28. Bg3 Qc5 29. Nf5 Qd5 30. h3 Bb6 31. Rf1 Ne4 32. Ne3 Nxg3 33. Nxd5 Nxf1 34. Nxb6 Rd2 35. Qc1 Rd8 36. Kxf1 a3 37. bxa3 Rd6 38. a4 h5 39. Qa3 Ke7 40. Nc8+ 1-0